000 00496nam a2200145Ia 4500
008 090123s9999 xx 000 0 und d
082 _b40979
245 _aएकदाच अशी रात्र येते
250 _a0
260 _bडायमंड पब्लिकेशन
_c2007
630 _aएकदाच अशी रात्र येते
700 _aकिणीकर रॉय
730 _aएकदाच अशी रात्र येते
942 _cBOOK
999 _c79052
_d79052